000 00678nam a2200205 a 4500
001 64141
003 BD-RjUL
005 20211209081256.0
008 170209s1982 ru ab||| |||| 00| 0 eng d
035 _a(BD-RjUL) 64271
040 _aBD-RjUL
_beng
_cBD-RjUL
041 _aeng
082 _223
_a947
_bTAI 1982
100 _aTarnovsky, Konstantin
_9190502
245 _aIllustrated history of the USSR : a brief outline :
_bfeudalism, capitalism, socialism /
_cKonstantin Tarnovsky
260 _aMoscow :
_bNovosti Press Agency Pub. House,
_cc1982.
300 _a175 p. :
_bill. ;
_c18 cm.
651 _aSoviet Union
_xHistory
_vOutlines, syllabi, etc.
_9190981
942 _2ddc
_cBK
999 _c64141
_d64141